Analizando la influencia de la educación universitaria en el perfil emprendedor de los estudiantes (Registro nro. 17847)

Detalles MARC
000 -LEADER
fixed length control field 00480 a2200133 4500
001 - CONTROL NUMBER
control field ART_46062
005 - DATE AND TIME OF LATEST TRANSACTION
control field 20260410161731.0
008 - FIXED-LENGTH DATA ELEMENTS--GENERAL INFORMATION
fixed length control field 260409a
100 1# - MAIN ENTRY--PERSONAL NAME
Personal name Oliveras, Guadalupe
245 10 - TITLE STATEMENT
Title Analizando la influencia de la educación universitaria en el perfil emprendedor de los estudiantes
700 1# - ADDED ENTRY--PERSONAL NAME
Personal name Vigier, Hernán
700 1# - ADDED ENTRY--PERSONAL NAME
Personal name Porras, José Alberto
773 0# - HOST ITEM ENTRY
Title Escritos contables y de administración
Related parts - Vol. 5, Nº 2 (jul./dic. 2014)
Record control number REV2758

No hay ítems disponibles.